• 首页
  • 本馆介绍
  • 公告通知
  • 最新文献
  • 馆藏检索
  • 电子资源
  • 读者导购
  • 参考咨询
  • 我的图书馆
  • 登录
  • 详细信息显示
  • 放入我的书架
  • 预约/预借图书
  • 作者相关作品
  • 分类相关作品
  • 丛书相关作品
  • 出版社相关作品

书目信息

  • 表格格式
  • 工作单格式
  • 卡片格式
题名:
楚辞补注
    
 
作者: 洪兴组 撰
分册:  
出版信息: 北京   中华书局出版社  1983.3
页数: 328页
开本: 20cm
丛书名:
单 册:
中图分类: I222.3
科图分类:
主题词: 诗歌--中国 , 韵文--中国
电子资源:
ISBN:
000 00522nam0 2200193 45
001 0312221749
005 20060913155011.48
010    @dCNY1.20
100    @a20031222d1983 km y0chiy0120 ea
101    @achi
200 1  @a楚辞补注@AChu Ci Bu Zhu@f(宋)洪兴组撰@F(Song)Hong Xing Zu Zhuan
210    @a北京@c中华书局出版社@d1983.3
215    @a328页@d20cm
606 0  @a诗歌@x中国
606 0  @a韵文@x中国
690    @aI222.3@v3
701 0  @a洪兴组@4撰
801    @aCN@bTSTCL@c20060913
905    @a213230@dI222.3@e126@b87992-994@f3
    
    楚辞补注/(宋)洪兴组撰.-北京:中华书局出版社,1983.3
    328页;20cm
    
    
    ISBN :CNY1.20
    
●
相关链接 在E读中查询图书 在五车中查询图书 在当当中查询图书 在豆瓣中查询图书


正题名:楚辞补注     索取号:I222.3/126         预约/预借

序号 登录号 条形码 馆藏地/架位号 状态 备注
1 0087992   000969296   密集书库/ [索取号:I222.3/126] 在馆    
2 0087993   000969330   第二借阅区/ [索取号:I222.3/126] 在馆    
3 0087994   000969376   第一样本阅览室/ [索取号:I222.3/126] 在馆    
4 0470909   204709093   密集书库/ [索取号:I222.3/126] 在馆    
5 0470923   204709235   密集书库/ [索取号:I222.3/126] 在馆    
6 0474337   204743377   密集书库/ [索取号:I222.3/126] 在馆    
唐山师范学院图书馆 欢迎您!
大连网信软件有限公司© 版权所有